Giải pháp gia cố khung kho Tiệp xây dựng ở vùng bão Việt Nam

Sparad:
Bibliografiska uppgifter
Materialtyp: Bok
Språk:Undetermined
Publicerad: Hà Nội Xây Dựng 1999
Ämnen:
Taggar: Lägg till en tagg
Inga taggar, Lägg till första taggen!
Thư viện lưu trữ: Trung tâm Học liệu Trường Đại học Cần Thơ
LEADER 00564nam a2200169Ia 4500
001 CTU_36784
008 210402s9999 xx 000 0 und d
020 |b 6.000đ 
082 |a 624.1773 
082 |b Gi103 
245 0 |a Giải pháp gia cố khung kho Tiệp xây dựng ở vùng bão Việt Nam 
260 |a Hà Nội 
260 |b Xây Dựng 
260 |c 1999 
650 |a concrete construction,structural analysis ( engineering ),structural frames 
904 |i Minh, 000605 
980 |a Trung tâm Học liệu Trường Đại học Cần Thơ